Wünsche Raimund, Knauss Florian, Lockender Lorbeer, Sport und Spiel in der Antike, Munich, Staatliche Antikensammlungen und Glyptothek München, 2004, 1 vol. 24,5 × 30, 503 p., très nombr. fig. ds t. (notice n° 1595818)
[ vue normale ]
| 000 -LEADER | |
|---|---|
| fixed length control field | 02002cam a2200169 4500500 |
| 005 - DATE AND TIME OF LATEST TRANSACTION | |
| control field | 20251228073718.0 |
| 041 ## - LANGUAGE CODE | |
| Language code of text/sound track or separate title | fre |
| 042 ## - AUTHENTICATION CODE | |
| Authentication code | dc |
| 100 10 - MAIN ENTRY--PERSONAL NAME | |
| Personal name | Siebert, Gérard |
| Relator term | author |
| 245 00 - TITLE STATEMENT | |
| Title | Wünsche Raimund, Knauss Florian, Lockender Lorbeer, Sport und Spiel in der Antike, Munich, Staatliche Antikensammlungen und Glyptothek München, 2004, 1 vol. 24,5 × 30, 503 p., très nombr. fig. ds t. |
| 260 ## - PUBLICATION, DISTRIBUTION, ETC. | |
| Date of publication, distribution, etc. | 2007.<br/> |
| 500 ## - GENERAL NOTE | |
| General note | 93 |
| 520 ## - SUMMARY, ETC. | |
| Summary, etc. | L’étude récente des collections lapidaires d’Autun, en Saône-et-Loire, a permis de mettre en évidence un ensemble de fragments de vasques à deux pieds en dalle rectangulaire. Ces vasques correspondent à un modèle qui reste jusqu’à présent méconnu en Gaule, alors qu’il est connu en Grèce et dans le monde romain, mais sans avoir encore bénéficié d’une étude exhaustive. Retrouvé en contexte public (thermes) ou privé ( domus, villa), ce type de mobilier, souvent taillé dans des matériaux luxueux, répondait à des principes de positionnement et de fonctionnement encore observables dans les exemplaires, remarquablement conservés, des demeures pompéiennes. |
| 520 ## - SUMMARY, ETC. | |
| Summary, etc. | Rectangular slab basins in the Autun collections (Saône-et-Loire). An unrecognised type of stone furniture. Recent study of the stone collections of Autun, in Saône-et-Loire, yields fragmentary evidence for two-footed stone basins standing on rectangular slab. These basins correspond to a model so far unknown in Gaul, but known in the Greek and Roman worlds. It has never been carefully studied. This type of furniture, found in public contexts (baths) or private (house or villa), and often worked in precious materials, corresponds with the principles of placing and function still to be observed in well preserved examples in Pompeian houses. |
| 786 0# - DATA SOURCE ENTRY | |
| Note | Revue archéologique | 44 | 2 | 2007-12-01 | p. 319p-438p | 0035-0737 |
| 856 41 - ELECTRONIC LOCATION AND ACCESS | |
| Uniform Resource Identifier | <a href="https://shs.cairn.info/revue-archeologique-2007-2-page-319p?lang=fr&redirect-ssocas=7080">https://shs.cairn.info/revue-archeologique-2007-2-page-319p?lang=fr&redirect-ssocas=7080</a> |
Pas d'exemplaire disponible.




Réseaux sociaux